| 000 | 00991nam a2200241 a 4500 | ||
|---|---|---|---|
| 001 | 8108 | ||
| 003 | BD-RjUL | ||
| 005 | 20211208234526.0 | ||
| 008 | 160927s1961 ne 1 0 fre d | ||
| 035 | _a(BD-RjUL) 8153 | ||
| 040 |
_aNUN _beng _cNUN _dNU _dBD-RjUL |
||
| 041 | _aeng | ||
| 082 |
_223 _a341.552 _bHAC 1961 |
||
| 100 | 1 |
_aHambro, Edvard, _d1911- _925278 |
|
| 245 | 1 | 4 |
_aThe case law of the International Court : _ba repertoire of the judgments, advisory opinions and orders of the Permanent Court of International Justice and of the International Court of Justice / _c by E.Hambro. With a bibliography prepared by J.Douma. |
| 260 |
_aLeyden : _bSijthoff, _c1960-61 |
||
| 300 |
_a V. ; _c28 cm. |
||
| 500 | _aIncludes index. | ||
| 505 | 0 | _aVol.1 Until 1951 -- V. 2, 1952-1958 -- V. 3, 1947-1958 | |
| 650 |
_aInternational Court of Justice. _9143410 |
||
| 700 | 1 |
_aDouma, J. _tBibliography on the International Court including the Permanent Court 1918-1964. _925283 |
|
| 942 |
_2ddc _cBK |
||
| 999 |
_c8108 _d8108 |
||